Random Letter to Number and Number to Letter - 30 Second Sprint - Statistics

General Stats
  • This quiz has been taken 224 times
  • The average score is 9 of 52
Answer Stats
Hint Answer % Correct
26 Z
57%
J 10
43%
I 9
43%
9 I
43%
A 1
29%
P 16
29%
R 18
29%
V 22
29%
Y 25
29%
Z 26
29%
C 3
29%
2 B
29%
3 C
29%
4 D
29%
10 J
29%
12 L
29%
15 O
29%
16 P
29%
25 Y
29%
K 11
14%
M 13
14%
O 15
14%
T 20
14%
U 21
14%
X 24
14%
E 5
14%
F 6
14%
G 7
14%
H 8
14%
1 A
14%
7 G
14%
8 H
14%
13 M
14%
18 R
14%
19 S
14%
20 T
14%
21 U
14%
22 V
14%
23 W
14%
24 X
14%
L 12
0%
N 14
0%
Q 17
0%
S 19
0%
B 2
0%
W 23
0%
D 4
0%
5 E
0%
6 F
0%
11 K
0%
14 N
0%
17 Q
0%
No matching quizzes found
Score Distribution
Percent of People with Each Score
Percentile by Number Answered
Your Score History
You have not taken this quiz